| 000 | 00485nam a22001457a 4500 | ||
|---|---|---|---|
| 008 | 220517b |||||||| |||| 00| 0 eng d | ||
| 020 | _a0582603323. | ||
| 050 | _aDT475 | ||
| 100 |
_aBertin J. Webster _951643 |
||
| 245 |
_aThe growth of African civilisation; _bthe revolutionary years West Africa since 1800 _cWebster J. Bertin. |
||
| 260 |
_aEngland: _bLongman Group Limited, _c1967. |
||
| 300 |
_aix,405p.; _c20cm. |
||
| 650 |
_aAfrica,West _xhistory _930507 |
||
| 942 |
_cMONOGRAPH _2lcc |
||
| 999 |
_c131449 _d131449 |
||